000 00811nam a2200241Ia 4500
003 OSt
005 20220926010304.0
006 a|||||r|||| 00| 0
007 ta
008 220923b |||||||| |||| 00| 0 eng d
037 _cGeneral Book
040 _aRTL
_cRTL
_beng
041 _2eng
_aeng
082 _aV2:51.N34<--N19, L9
100 _aChopra P N Ed.
_96754
245 0 _aIndia's major non-violent movements, 1919-1934 (British Secret Reports on Indian People 's Peaceful Struggle for Political Liberation )
260 _a New Delhi
_bVision Books Pvt. India
_c1979
300 _a188p.
_ccm.
500 _aAppendices:P.151-182; Index:p.183-88
650 _aStruggle for Independence
942 _hV2:51.N34<--N19, L9
_cGB
_2CC
999 _c616888
_d616888